[Event "World-chT Rapid"]
[Site "Dusseldorf"]
[Date "2023.08.28"]
[Round "10"]
[White "Lagno, Kateryna"]
[Black "Breest, Axel"]
[Result "1-0"]
[WhiteElo "2552"]
[BlackElo "1979"]
[PlyCount "51"]
[EventDate "2023.08.26"]
[EventType "team-swiss (rapid)"]
[EventRounds "12"]
[EventCountry "GER"]
[SourceTitle "CBM 215 Extra"]
[Source "ChessBase"]
[SourceDate "2023.09.30"]
[SourceVersion "1"]
[SourceVersionDate "2023.09.30"]
[SourceQuality "1"]
[WhiteTeam "Linz AlphaEchecs"]
[BlackTeam "Ukraine Amators"]
[WhiteTeamCountry "AUT"]
[BlackTeamCountry "UKR"]

1. e4 d5 2. exd5 c6 3. dxc6 Nxc6 4. Nf3 e5 5. d3 f5 6. Be2 Nf6 7. 0-0 Bd6 8. c3 0-0 9. Na3 a6 10. Nc4 Bc7 11. d4 e4 12. Nfe5 Ne7 13. a4 Ned5 14. f4 Bd7 15. Nxd7 Qxd7 16. Ne5 Qd6 17. c4 Nb4 18. Be3 a5 19. Rc1 Rad8 20. d5 Kh8 21. Kh1 Qe7 22. Bd4 Nfxd5 23. cxd5 Nxd5 24. Bc5 Qe6 25. Bxf8 Nxf4 26. Bxg7+ 1-0

[Event "NRW Class2 1718"]
[Site "Germany"]
[Date "2018.04.08"]
[Round "8.7"]
[White "Breest, Axel"]
[Black "Finke, Tobias"]
[Result "1/2-1/2"]
[WhiteElo "1872"]
[BlackElo "1949"]
[PlyCount "27"]
[EventDate "2017.09.17"]
[EventType "team-tourn"]
[EventRounds "9"]
[EventCountry "GER"]
[SourceTitle "EXT 2019"]
[Source "ChessBase"]
[SourceDate "2018.10.10"]
[SourceVersion "1"]
[SourceVersionDate "2018.10.10"]
[SourceQuality "1"]
[WhiteTeam "Siegburg"]
[BlackTeam "Lippstadt Turm"]
[WhiteTeamCountry "GER"]
[BlackTeamCountry "GER"]

1. e4 e5 2. Nc3 Nc6 3. Bc4 Nf6 4. d3 Bb4 5. Nge2 d5 6. exd5 Nxd5 7. 0-0 Nb6 8. Bb3 0-0 9. Ne4 Bf5 10. N2g3 Bxe4 11. Nxe4 Nd4 12. Qh5 Nxb3 13. axb3 f6 14. f4 1/2-1/2

[Event "Mittelrhein Regionalliga 16/17"]
[Site "Nordrheinwestfalen"]
[Date "2017.03.19"]
[Round "9.7"]
[White "Stoimenov, Kalojan"]
[Black "Breest, Axel"]
[Result "1/2-1/2"]
[WhiteElo "1814"]
[BlackElo "1865"]
[PlyCount "36"]
[EventDate "2016.09.11"]
[EventType "team-tourn"]
[EventRounds "11"]
[EventCountry "GER"]
[SourceTitle "EXT 2022"]
[Source "ChessBase"]
[SourceDate "2021.10.06"]
[SourceVersion "1"]
[SourceVersionDate "2021.10.06"]
[SourceQuality "1"]
[WhiteTeam "Aachen SV II"]
[BlackTeam "Siegburg"]
[WhiteTeamCountry "GER"]
[BlackTeamCountry "GER"]

1. e4 d5 2. exd5 c6 3. d4 cxd5 4. Bd3 Nc6 5. c3 e5 6. dxe5 Nxe5 7. Bb5+ Nc6 8. Nf3 Bc5 9. 0-0 Nf6 10. Bg5 0-0 11. Nbd2 Be6 12. Nb3 Bb6 13. Nbd4 Rc8 14. Re1 h6 15. Bh4 Nxd4 16. Nxd4 g5 17. Bg3 Ne4 18. Be5 Bd7 1/2-1/2

[Event "Verbandsliga Mittelrhein-Ost 1213"]
[Site "Germany"]
[Date "2012.11.11"]
[Round "4.7"]
[White "Blumenthal, Ralf"]
[Black "Breest, Axel"]
[Result "0-1"]
[WhiteElo "1797"]
[BlackElo "1781"]
[PlyCount "52"]
[EventDate "2012.09.09"]
[EventType "team"]
[EventRounds "11"]
[EventCountry "GER"]
[SourceTitle "EXT 2015"]
[Source "ChessBase"]
[SourceDate "2014.11.20"]
[SourceVersion "1"]
[SourceVersionDate "2014.11.20"]
[SourceQuality "1"]
[WhiteTeam "Euskirchen Turm"]
[BlackTeam "Siegburg"]
[WhiteTeamCountry "GER"]
[BlackTeamCountry "GER"]

1. g3 e5 2. Bg2 Bc5 3. d3 d6 4. a3 a5 5. Nf3 Nf6 6. 0-0 0-0 7. Nc3 h6 8. d4 exd4 9. Nxd4 c6 10. Na4 Ba7 11. c4 Be6 12. Qd3 d5 13. Nxe6 fxe6 14. Bf4 Nh5 15. Be5 Qg5 16. Bd6 Nd7 17. h4 Qf6 18. Qf3 Qg6 19. Bxf8 Ne5 20. Qc3 Nxg3 21. Qxe5 Bd4 22. Qc7 Nxe2+ 23. Kh1 Rxf8 24. Rae1 Nf4 25. Bf3 Qf5 26. Bg2 Qg4 0-1

[Event "Verbandsliga Mittelrhein-Ost 1213"]
[Site "Germany"]
[Date "2012.09.09"]
[Round "1.6"]
[White "Breest, Axel"]
[Black "Weber, Jannis"]
[Result "1-0"]
[WhiteElo "1781"]
[BlackElo "1393"]
[PlyCount "53"]
[EventDate "2012.09.09"]
[EventType "team"]
[EventRounds "11"]
[EventCountry "GER"]
[SourceTitle "EXT 2015"]
[Source "ChessBase"]
[SourceDate "2014.11.20"]
[SourceVersion "1"]
[SourceVersionDate "2014.11.20"]
[SourceQuality "1"]
[WhiteTeam "Siegburg"]
[BlackTeam "Hennef"]
[WhiteTeamCountry "GER"]
[BlackTeamCountry "GER"]

1. e4 e5 2. Nf3 Nc6 3. Bc4 Bc5 4. b4 Bxb4 5. c3 Be7 6. d4 d6 7. Qb3 Na5 8. Bxf7+ Kf8 9. Qa4 Kxf7 10. Qxa5 b6 11. Qa4 Bd7 12. Qc4+ Be6 13. d5 Bg4 14. Nbd2 h6 15. h3 Bd7 16. g4 Bg5 17. Nxg5+ hxg5 18. Nf3 Bxg4 19. Nxg5+ Kf6 20. Rg1 Bd7 21. Ne6 Qc8 22. Bg5+ Kf7 23. Bd8 c5 24. Rxg7+ Ke8 25. Bg5 Bxe6 26. dxe6 Rb8 27. Qb5+ 1-0

[Event "Mittelrhein Verbandsliga-O 1112"]
[Site "Germany"]
[Date "2011.12.11"]
[Round "4"]
[White "Breest, Axel"]
[Black "Scholzen, Wolfgang"]
[Result "1/2-1/2"]
[WhiteElo "1743"]
[BlackElo "2078"]
[PlyCount "66"]
[EventDate "2011.09.18"]
[EventType "team-tourn"]
[EventRounds "11"]
[EventCountry "GER"]
[SourceTitle "EXT 2013"]
[Source "ChessBase"]
[SourceDate "2012.11.22"]
[SourceVersion "1"]
[SourceVersionDate "2012.11.22"]
[SourceQuality "1"]
[WhiteTeam "Siegburg"]
[BlackTeam "Euskirchen Turm"]
[WhiteTeamCountry "GER"]
[BlackTeamCountry "GER"]

1. e4 e5 2. Nf3 Nc6 3. Bc4 Bc5 4. b4 Bxb4 5. c3 Ba5 6. d4 exd4 7. 0-0 d3 8. Qb3 Qf6 9. e5 Qg6 10. Rd1 Nge7 11. Bxd3 Qh5 12. Re1 0-0 13. Qa4 d5 14. h3 h6 15. Ba3 Bb6 16. Nbd2 Rd8 17. Kh2 Bxf2 18. g4 Bxg4 19. Qxg4 Qxg4 20. hxg4 Bxe1 21. Rxe1 a6 22. Kg3 Re8 23. Nh4 g5 24. Bxe7 Nxe7 25. Nhf3 c5 26. Bf5 b5 27. Nb3 Nxf5+ 28. gxf5 Rac8 29. Kg4 c4 30. Nbd4 Rc5 31. Rb1 Kg7 32. a3 Rec8 33. Rh1 Rh8 1/2-1/2